<?xml version='1.0' encoding='UTF-8'?>
  <record xmlns="http://www.loc.gov/MARC21/slim">
    <leader>00000cam a22000007i 4500</leader>
    <controlfield tag="001">ocm43134364</controlfield>
    <controlfield tag="003">OCoLC</controlfield>
    <controlfield tag="005">20240127100239.6</controlfield>
    <controlfield tag="008">860219s1595    gw            001 0 lat d</controlfield>
    <datafield tag="040" ind1=" " ind2=" ">
      <subfield code="a">EQO</subfield>
      <subfield code="b">eng</subfield>
      <subfield code="e">rda</subfield>
      <subfield code="e">dcrmr</subfield>
      <subfield code="c">EQO</subfield>
      <subfield code="d">OCL</subfield>
      <subfield code="d">OCLCQ</subfield>
      <subfield code="d">OCLCG</subfield>
      <subfield code="d">VA@</subfield>
      <subfield code="d">OCLCF</subfield>
      <subfield code="d">OCLCQ</subfield>
      <subfield code="d">OCLCO</subfield>
      <subfield code="d">OCL</subfield>
      <subfield code="d">OCLCO</subfield>
      <subfield code="d">QGJ</subfield>
      <subfield code="d">OCLCO</subfield>
      <subfield code="d">OCLCL</subfield>
    </datafield>
    <datafield tag="035" ind1=" " ind2=" ">
      <subfield code="a">(OCoLC)43134364</subfield>
    </datafield>
    <datafield tag="043" ind1=" " ind2=" ">
      <subfield code="a">e------</subfield>
      <subfield code="a">e-ge---</subfield>
    </datafield>
    <datafield tag="050" ind1="1" ind2="4">
      <subfield code="a">D228</subfield>
      <subfield code="b">.C49 1595</subfield>
    </datafield>
    <datafield tag="100" ind1="1" ind2=" ">
      <subfield code="a">Chytraeus, David,</subfield>
      <subfield code="d">1531-1600,</subfield>
      <subfield code="e">author.</subfield>
      <subfield code="4">aut</subfield>
      <subfield code="1">https://id.oclc.org/worldcat/entity/E39PBJmP3wqmjbVmGT3GXMxhpP</subfield>
    </datafield>
    <datafield tag="245" ind1="1" ind2="0">
      <subfield code="a">Dauidis Chytraei Chronicon anni M. D. XCIII. M.D. XCIIII. et initii M.D. XCV. :</subfield>
      <subfield code="b">vtile &amp; iucundum lectu.</subfield>
    </datafield>
    <datafield tag="246" ind1="3" ind2=" ">
      <subfield code="a">Davidis Chytraei Chronicon anni M. D. XCIII. M. D. XCIIII. et initii M. D. XCV</subfield>
    </datafield>
    <datafield tag="246" ind1="3" ind2=" ">
      <subfield code="a">Chronicon anni M. D. XCIII. M. D. XCIIII. et initii M. D. XCV</subfield>
    </datafield>
    <datafield tag="264" ind1=" " ind2="1">
      <subfield code="a">Lipsiae. :</subfield>
      <subfield code="b">Impensis Henningi Grosii Bibliop.,</subfield>
      <subfield code="c">1595.</subfield>
    </datafield>
    <datafield tag="300" ind1=" " ind2=" ">
      <subfield code="a">[2], 150 pages ;</subfield>
      <subfield code="c">16 cm (8vo)</subfield>
    </datafield>
    <datafield tag="336" ind1=" " ind2=" ">
      <subfield code="a">text</subfield>
      <subfield code="b">txt</subfield>
      <subfield code="2">rdacontent</subfield>
    </datafield>
    <datafield tag="337" ind1=" " ind2=" ">
      <subfield code="a">unmediated</subfield>
      <subfield code="b">n</subfield>
      <subfield code="2">rdamedia</subfield>
    </datafield>
    <datafield tag="338" ind1=" " ind2=" ">
      <subfield code="a">volume</subfield>
      <subfield code="b">nc</subfield>
      <subfield code="2">rdacarrier</subfield>
    </datafield>
    <datafield tag="340" ind1=" " ind2=" ">
      <subfield code="m">8vo</subfield>
      <subfield code="2">rdabf</subfield>
    </datafield>
    <datafield tag="500" ind1=" " ind2=" ">
      <subfield code="a">Printer's device on title page with slogan: Fortitudo custos dignitatis.</subfield>
    </datafield>
    <datafield tag="500" ind1=" " ind2=" ">
      <subfield code="a">Imprint: 1595. Lipsiae. Cum privilegio, Impensis Henningi Grosii bibliop.</subfield>
    </datafield>
    <datafield tag="500" ind1=" " ind2=" ">
      <subfield code="a">Initial.</subfield>
    </datafield>
    <datafield tag="500" ind1=" " ind2=" ">
      <subfield code="a">Signatures: A-I⁸ K⁴.</subfield>
    </datafield>
    <datafield tag="510" ind1="4" ind2=" ">
      <subfield code="a">Index Aurelienis,</subfield>
      <subfield code="c">137.080</subfield>
    </datafield>
    <datafield tag="510" ind1="4" ind2=" ">
      <subfield code="a">Verzeichnis der im deutschen Sprachbereich erschienenen Drucke des 16. Jahrhunderts (VD 16),</subfield>
      <subfield code="c">C 2548</subfield>
    </datafield>
    <datafield tag="651" ind1=" " ind2="0">
      <subfield code="a">Europe</subfield>
      <subfield code="x">History</subfield>
      <subfield code="y">16th century</subfield>
      <subfield code="v">Early works to 1800.</subfield>
    </datafield>
    <datafield tag="651" ind1=" " ind2="6">
      <subfield code="a">Europe</subfield>
      <subfield code="x">Histoire</subfield>
      <subfield code="y">16e siècle</subfield>
      <subfield code="v">Ouvrages avant 1800.</subfield>
    </datafield>
    <datafield tag="651" ind1=" " ind2="7">
      <subfield code="a">Europe</subfield>
      <subfield code="2">fast</subfield>
      <subfield code="1">https://id.oclc.org/worldcat/entity/E39PBJxCxPbbk4CPJDQJb4r6rq</subfield>
    </datafield>
    <datafield tag="648" ind1=" " ind2="7">
      <subfield code="a">1500-1599</subfield>
      <subfield code="2">fast</subfield>
    </datafield>
    <datafield tag="655" ind1=" " ind2="7">
      <subfield code="a">History</subfield>
      <subfield code="2">fast</subfield>
    </datafield>
    <datafield tag="655" ind1=" " ind2="7">
      <subfield code="a">Early works</subfield>
      <subfield code="2">fast</subfield>
    </datafield>
    <datafield tag="700" ind1="1" ind2=" ">
      <subfield code="a">Grosse, Henning,</subfield>
      <subfield code="d">1553-1621,</subfield>
      <subfield code="e">bookseller.</subfield>
      <subfield code="4">bsl</subfield>
      <subfield code="1">https://id.oclc.org/worldcat/entity/E39PBJhH6cgkp3mxT4wBHDCJDq</subfield>
    </datafield>
    <datafield tag="752" ind1=" " ind2=" ">
      <subfield code="a">Germany</subfield>
      <subfield code="d">Leipzig,</subfield>
      <subfield code="e">publication place.</subfield>
      <subfield code="4">pup</subfield>
    </datafield>
    <datafield tag="758" ind1=" " ind2=" ">
      <subfield code="i">has work:</subfield>
      <subfield code="a">Dauidis Chytraei Chronicon anni M.D.XCIII, M.D.XCIIII et initii M.D.XCV (Text)</subfield>
      <subfield code="1">https://id.oclc.org/worldcat/entity/E39PCGxVVhrtVmTBRRx9P9q6Dq</subfield>
      <subfield code="4">https://id.oclc.org/worldcat/ontology/hasWork</subfield>
    </datafield>
  </record>